Geography of Ireland - Statistics

General Stats
  • This quiz has been taken 1,224 times
  • The average score is 15 of 20
Answer Stats
Question Answer % Correct
What is the capital of the Republic of Ireland? Dublin
99%
What is the nickname of Ireland? The {Emerald} Isle
94%
How do you spell "Ireland" in the Irish language? Éire
93%
What sea is located between Ireland and Great Britain? Irish Sea
91%
What Irish city is also a type of poetry? Limerick
91%
What is the official name of Derry? {London}derry
91%
What musical instrument can be seen on the Irish coat of arms? Harp
89%
What city is home to Harland and Wolff, builders of the RMS Titanic? Belfast
88%
What region, starting with the letter U, includes all of Northern Ireland and some of the Republic of Ireland? Ulster
87%
What World Heritage Site is built by Fionn mac Cumhaill (according to legend)? {Giant}'{s} Causeway
83%
What type of plant symbolizes Ireland? Shamrock
80%
What is the largest county of Ireland by area? Cork
77%
About the girl of what Irish city did Ed Sheeran sing? Galway
74%
What stone purportedly bestows the gift of gab when kissed? Blarney Stone
67%
In what Irish city where famous crystal made? Waterford
65%
What is the longest river in Ireland? Shannon
64%
What is the largest lake in Ireland? Lough {Neagh}
40%
What sea separates Ireland from mainland Europe? Celtic Sea
39%
For what 19th century nationalist leader is the most famous street in the above named? Daniel O'Connell
36%
What sea channel between Ireland and Wales connects those two seas? Saint George's
16%
No matching quizzes found
Score Distribution
Percent of People with Each Score
Percentile by Number Answered
Your Score History
You have not taken this quiz